000 00925nam a2200253 a 4500
008
020 _a0314791396 (pbk.)
049 _aMAIN
090 _aQA76.5
_bHOP
100 1 _aHopper, Grace Murray.
245 1 0 _aInstructor's manual to accompany Understanding computers by Grace Murray Hopper, Steven L. Mandell /
_cprepared by Steven L. Mandell.
260 _aSaint Paul, Minn. :
_bWest Publishing,
_cc1984.
300 _av, 226 [89] p. ;
_c26 cm.
650 _aComputers
_xStudy and teaching.
650 0 _aElectronic digital computers
_xStudy and teaching.
650 0 _aMicrocomputers
_xStudy and teaching.
700 1 _aHopper, Grace Murray.
_tUnderstanding computers.
740 0 1 _aUnderstanding computers :
_bInstructor's manual.
907 _a.b10006308
_b13-02-09
_c17-04-03
003
005 20230123133117.0
040 _cNUST
942 _cBOOKS
_kQA76.5
_mHOP
999 _c142909
_d142909